000 01133nam a2200277 a 4500
001 74163
003 BD-RjUL
005 20211209082514.0
008 180312s2006 bg ad||| |||| 001 0 ben d
020 _a9844832276
_cTk. 400.00
035 _a(BD-RjUL)74381
040 _aBD-RjUL
_beng
_cBD-RjUL
041 _aben
082 _223
_a910
_bITI
245 0 0 _aইতিহাসের খেরোখাতা : ৪0 হাজার বছরের ঘটনাপঞ্জি /
_cসম্পাদক ; ফে ফ্রাংকলিন ; অনুবাদ দিলীপ দেবনাথ
260 _aঢাকা :
_bদিব্যপ্রকাশ ,
_c২০০৬
300 _a২৫৬ পৃ. :
_bছবি ;
_c২২ সেমি.
504 _aগ্রন্থপঞ্জি সংযুক্ত
650 _aই্তিহাস
_9220511
650 _aWorld History
_9220512
650 _aভুগোল
_9220513
650 _aGegraphy
_9220514
700 _aফ্রাংকলিন, ফে
_9220515
700 _aঅনুবাদ ; দেবনাথ, দিলীপ
_9220516
942 _2ddc
_cBK
999 _c74163
_d74163